|
|
|
|
| LEADER |
00993pam a22003498a 4500 |
| 001 |
00040004 |
| 005 |
20171026081025.0 |
| 008 |
170831s2015 ||||||Viesd |
| 041 |
0 |
# |
|a Vie
|
| 082 |
1 |
4 |
|a 572
|b B103GI
|
| 100 |
0 |
# |
|a Nguyễn, Kim Búp
|e Chủ biên
|
| 245 |
0 |
0 |
|a Bài giảng quang hợp
|c Nguyễn Kim Búp, Nguyễn Thị Bé Nhanh (ch.b)
|
| 260 |
# |
# |
|a Đồng Tháp
|c 2015
|
| 300 |
# |
# |
|a 98 tr.
|c 28 cm
|
| 500 |
# |
# |
|a ĐTTS ghi:Trường Đại Học Đồng Tháp
|
| 653 |
# |
# |
|a Bài giảng
|
| 653 |
# |
# |
|a Thực vật
|
| 653 |
# |
# |
|a Sinh học
|
| 653 |
# |
# |
|a Quá trình
|
| 653 |
# |
# |
|a Quang hợp
|
| 700 |
1 |
# |
|a Nguyễn, Thị Bé Nhanh
|e Chủ biên
|
| 852 |
# |
# |
|j KD.0022329
|j KGT.0054049
|
| 852 |
# |
# |
|b Kho đọc
|j KD.0022329
|
| 910 |
|
|
|d 31/08/2017
|
| 980 |
# |
# |
|a Trung tâm Học liệu Lê Vũ Hùng, Trường Đại học Đồng Tháp
|